| 000 | 00699nam a2200169Ia 4500 | ||
|---|---|---|---|
| 008 | 090711s9999 xx 000 0 und d | ||
| 082 | _b34874 | ||
| 100 | _aसोहोनी श्री. वि. | ||
| 245 | _aरेडिओ-रSाना आणि कार्य | ||
| 260 |
_bमहाराष्ट्र राज्य साहित्य आणि संस्कृती मंडळ _c1975 |
||
| 300 | _a455 | ||
| 600 | _aसोहोनी श्री. वि. | ||
| 630 | _aरेडिओ-रSाना आणि कार्य | ||
| 700 | _aसोहोनी श्री. वि. | ||
| 730 | _aरेडिओ-रSाना आणि कार्य | ||
| 942 | _cBOOK | ||
| 999 |
_c328925 _d328925 |
||